Ostrom alatt a Tisza-szálló Minden készen a mai Szeged-Odessza intervíziós adásra
Elmentve itt :
| Dokumentumtípus: | Cikk |
|---|---|
| Megjelent: |
1967-09-24
|
| Sorozat: | Délmagyarország
57 No. 226 |
| Kulcsszavak: | Kudlik Júlia, Moldovány Ákos, Vaszy Viktor, Harmath Éva, Réti Csaba, Kárpáti Mihály, Dobos Attila, Jobba Gabriella, Giday András, Televíziós közvetítés Szeged 1967, televízió |
| Online Access: | http://dmarchiv.bibl.u-szeged.hu/70880 |
| LEADER | 00637nab a2200145 i 4500 | ||
|---|---|---|---|
| 001 | delm70880 | ||
| 005 | 20180928082405.0 | ||
| 008 | 180928s1967 hu o 0|| hun d | ||
| 040 | |a SZTE Délmagyarország Archívum |b hun | ||
| 041 | |a hun | ||
| 245 | 0 | 0 | |a Ostrom alatt a Tisza-szálló |h [elektronikus dokumentum] : |b Minden készen a mai Szeged-Odessza intervíziós adásra |
| 260 | |c 1967-09-24 | ||
| 300 | |a 4 | ||
| 490 | 0 | |a Délmagyarország |v 57 No. 226 | |
| 695 | |a Kudlik Júlia, Moldovány Ákos, Vaszy Viktor, Harmath Éva, Réti Csaba, Kárpáti Mihály, Dobos Attila, Jobba Gabriella, Giday András, Televíziós közvetítés Szeged 1967, televízió | ||